00948nam a2200181 i 4500001000700000003000900007005001700016008004100033100003600074245022000110260006600330300003600396650002900432710004800461852009600509999001900605952014200624154457ES-MaACL20250903063441.0990804s1855 sp |||| | spa d1 aGómez Lobo, Leopoldo.912769710aConsideraciones relativas a la defensa de los estados en general y a las fortificaciones en particular, como introducción a una completa teoría defensiva, estratégica y táctica / cpor Leopoldo Gómez Lobo. aMadrid : b[s.n.], c1855 (fImp. del Memorial de Ingenieros) a221 p., [1] h. pleg. ; c24 cm. 4aFortificaciones.91361362 aImprenta del Memorial de Ingenieros91344824 aES-MaACLjT-33-F-2 z- Enc. hol., falto de cub. original z- Enc. en un vol. facticio c154457d154457 001040708Colección_de_folletosaATENEOMbATENEOMcDEPOFd2008-01-17l0oT-33-F-2p1161529r2023-02-23 00:00:00w2023-02-23yFOLLETOS